000 00580nam a2200217Ia 4500
005 20241129115520.0
008 241129s9999||||xx |||||||||||||| ||und||
020 _a9780190125028
037 _aTB
040 _aSDCL
_beng
_cSDCL
041 _aeng
_2eng
084 _aX:72.2 R1;1
_qSDCL
100 _aDatta K.L.
_9450329
245 0 _aGrowth and development planning in India
260 _aNew Delhi
_bOxford University Press
_c2021
300 _axii,372p.
365 _aINR
_b1595
650 _aGift
942 _cTB
_hX:72.2 R1;1
999 _c1230767
_d1230767